[Event "Hessen-ch op-A"]
[Site "Floersheim"]
[Date "2016.05.05"]
[Round "1"]
[White "Leimeister, Erhard"]
[Black "Siebenhaar, Erich"]
[Result "1-0"]
[WhiteElo "2257"]
[BlackElo "2021"]
[PlyCount "23"]
[EventDate "2016.05.05"]
[EventType "swiss"]
[EventRounds "7"]
[EventCountry "GER"]
[SourceTitle "EXT 2022"]
[Source "ChessBase"]
[SourceDate "2021.10.06"]
[SourceVersion "1"]
[SourceVersionDate "2021.10.06"]
[SourceQuality "1"]

1. d4 g6 2. c4 Bg7 3. e4 Nc6 4. d5 Nd4 5. Ne2 c5 6. Nxd4 cxd4 7. Bd3 e5 8. 0-0 d6 9. f4 Nf6 10. fxe5 dxe5 11. Bg5 h6 12. Bxf6 1-0

[Event "Hessen-ch op-A"]
[Site "Frankfurt Sossenheim"]
[Date "2015.??.??"]
[Round "7"]
[White "Chandler, Patrick"]
[Black "Leimeister, Erhard"]
[Result "1/2-1/2"]
[WhiteElo "2157"]
[BlackElo "2256"]
[PlyCount "203"]
[EventDate "2015.05.13"]
[EventType "swiss"]
[EventRounds "7"]
[EventCountry "GER"]
[SourceTitle "EXT 2016"]
[Source "ChessBase"]
[SourceDate "2015.10.08"]
[SourceVersion "1"]
[SourceVersionDate "2015.10.08"]
[SourceQuality "1"]

1. Nf3 c5 2. e4 Nc6 3. d4 cxd4 4. Nxd4 g6 5. Nc3 Bg7 6. Be3 Nf6 7. Nb3 0-0 8. Be2 a5 9. a3 a4 10. Nc5 d6 11. Nd3 Na5 12. Nf4 Bd7 13. Nfd5 Nxd5 14. Nxd5 Bc6 15. Bb6 Qd7 16. Qd2 Bb5 17. Bxa5 Bxe2 18. Nb6 Qb5 19. Nxa8 Rxa8 20. Bc3 Bxc3 21. Qxc3 Bg4 22. f3 Be6 23. Qb4 Qc6 24. 0-0 Ra6 25. Rfc1 Rb6 26. Qd4 Qb5 27. b4 axb3 28. cxb3 Qxb3 29. Rc3 Qb2 30. Rac1 f6 31. Qf2 Qb5 32. h3 Ra6 33. f4 Ra4 34. Qc2 Ra7 35. Rb1 Qa5 36. Rb4 Kg7 37. Qb2 Bd7 38. Kh2 Bc6 39. Qb3 Ra8 40. Re3 Qc5 41. Rg3 Kf8 42. h4 Qh5 43. Qe3 Ra5 44. Qf3 Qxf3 45. gxf3 Rxa3 46. h5 Kf7 47. hxg6+ hxg6 48. Rb2 d5 49. e5 d4 50. Rd2 fxe5 51. fxe5 d3 52. Kg2 Ke6 53. Rxg6+ Kxe5 54. Rg4 Rc3 55. Kf2 Rc2 56. Ke3 Rxd2 57. f4+ Kf6 58. Kxd2 e5 59. fxe5+ Kxe5 60. Kxd3 Bb5+ 61. Ke3 Kd5 62. Kd2 Bc6 63. Kd3 Bb5+ 64. Kc3 Bc6 65. Rg5+ Ke4 66. Kc4 Kf4 67. Rg1 Ke5 68. Re1+ Kd6 69. Kd4 Bg2 70. Rg1 Bc6 71. Rg6+ Kc7 72. Kc5 Kd7 73. Kd4 Kc7 74. Ke5 Kb6 75. Kd6 Kb5 76. Rg4 Bf3 77. Rg5+ Kb6 78. Rg3 Bc6 79. Rb3+ Ka5 80. Kc5 Ka4 81. Rb4+ Ka3 82. Rh4 Bd7 83. Rd4 Bc6 84. Rd3+ Kb2 85. Kc4 Kc2 86. Rd8 Bf3 87. Rf8 Be2+ 88. Kb4 Ba6 89. Rd8 Be2 90. Rd4 Bf3 91. Rf4 Bc6 92. Kc4 Kd2 93. Rf7 Ke3 94. Re7+ Kf4 95. Kd4 Kf5 96. Rf7+ Ke6 97. Rf1 Bg2 98. Re1+ Kd6 99. Rg1 Bc6 100. Rg6+ Kc7 101. Kc5 Kd7 102. Rg7+ 1/2-1/2

[Event "Main Vogelsberg op 7th"]
[Site "Hanau"]
[Date "2012.06.08"]
[Round "3"]
[White "Klundt, Klaus"]
[Black "Leimeister, Erhard"]
[Result "1-0"]
[WhiteElo "2365"]
[BlackElo "2245"]
[PlyCount "99"]
[EventDate "2012.06.07"]
[EventType "swiss"]
[EventRounds "7"]
[EventCountry "GER"]
[SourceTitle "EXT 2013"]
[Source "ChessBase"]
[SourceDate "2012.11.22"]
[SourceVersion "1"]
[SourceVersionDate "2012.11.22"]
[SourceQuality "1"]

1. e4 c5 2. Nf3 Nc6 3. d4 cxd4 4. Nxd4 g6 5. Nc3 Bg7 6. Be3 Nf6 7. Bc4 0-0 8. Bb3 a5 9. 0-0 Nxd4 10. Bxd4 d6 11. f4 Bd7 12. e5 Ne8 13. Nd5 Ra6 14. Bc4 b5 15. Be2 Bc6 16. Nc3 dxe5 17. fxe5 Nc7 18. a4 Qb8 19. e6 Bxd4+ 20. Qxd4 Nxe6 21. Qe3 Nc7 22. Qxe7 Rb6 23. Rad1 Rb7 24. Qf6 Rb6 25. Qe7 Rb7 26. Qc5 Rb6 27. axb5 Nxb5 28. Na4 Ra6 29. Bc4 Qa7 30. Rf2 Qxc5 31. Nxc5 Ra7 32. b3 Nc3 33. Rd3 Ne4 34. Nxe4 Bxe4 35. Rd4 Bc6 36. Rf6 Rc7 37. Bd3 Kg7 38. Rfd6 Bb7 39. Rd7 Rfc8 40. Kf2 h5 41. g3 Kf8 42. Ke3 Ke8 43. R7d6 Ke7 44. Rb6 Ra8 45. Ra4 Kd7 46. Rb5 Bc6 47. Raxa5 Kd6 48. Kd4 Re7 49. b4 Re1 50. c4 1-0

[Event "Eschborn op 08th"]
[Site "Eschborn"]
[Date "2011.05.15"]
[Round "4"]
[White "Leimeister, Erhard"]
[Black "Gutacker, Stephan"]
[Result "1-0"]
[WhiteElo "2239"]
[BlackElo "1965"]
[PlyCount "79"]
[EventDate "2011.05.13"]
[EventType "swiss"]
[EventRounds "5"]
[EventCountry "GER"]
[SourceTitle "EXT 2014"]
[Source "ChessBase"]
[SourceDate "2013.11.20"]
[SourceVersion "1"]
[SourceVersionDate "2013.11.20"]
[SourceQuality "1"]

1. Nf3 Nf6 2. c4 e6 3. g3 d5 4. d4 c6 5. Qc2 Bd6 6. Bg2 Nbd7 7. 0-0 0-0 8. b3 e5 9. dxe5 Nxe5 10. Bb2 Nxf3+ 11. Bxf3 dxc4 12. Qxc4 Be6 13. Qc2 Qe7 14. Nc3 Be5 15. Rac1 Rfd8 16. Na4 Bxb2 17. Qxb2 Bd5 18. Bxd5 Rxd5 19. Nc3 Rd7 20. Rfd1 Rad8 21. Qc2 Nd5 22. Nxd5 Rxd5 23. e4 Rxd1+ 24. Rxd1 Rxd1+ 25. Qxd1 f6 26. Qd4 a6 27. b4 Qe5 28. Qxe5 fxe5 29. f4 Kf7 30. Kf2 b6 31. Ke3 Ke6 32. Kd3 h6 33. a4 exf4 34. gxf4 g5 35. fxg5 hxg5 36. Kd4 g4 37. a5 c5+ 38. Kc4 bxa5 39. bxc5 Kd7 40. e5 1-0

[Event "Eschborn op 08th"]
[Site "Eschborn"]
[Date "2011.05.13"]
[Round "1"]
[White "Brahn, Helmut"]
[Black "Leimeister, Erhard"]
[Result "0-1"]
[WhiteElo "1769"]
[BlackElo "2239"]
[PlyCount "81"]
[EventDate "2011.05.13"]
[EventType "swiss"]
[EventRounds "5"]
[EventCountry "GER"]
[SourceTitle "EXT 2014"]
[Source "ChessBase"]
[SourceDate "2013.11.20"]
[SourceVersion "1"]
[SourceVersionDate "2013.11.20"]
[SourceQuality "1"]

1. c4 c5 2. Nf3 g6 3. d4 cxd4 4. Nxd4 Nc6 5. Nxc6 bxc6 6. e4 Bg7 7. Nd2 d6 8. Bd3 Nf6 9. 0-0 0-0 10. Rb1 a5 11. b3 Qc7 12. Bb2 Qa7 13. h3 Nh5 14. Bxg7 Nxg7 15. Nf3 Qc5 16. a4 Rb8 17. Qd2 Rb7 18. Qh6 f6 19. Qc1 Bd7 20. Re1 Rfb8 21. Bc2 Be8 22. Qe3 Ne6 23. Qd2 Kg7 24. Qe3 Qxe3 25. Rxe3 Nc5 26. Nd2 e5 27. f3 Ne6 28. g3 Bf7 29. Kf2 Kf8 30. Bd1 Ke7 31. Bc2 Kd8 32. Bd1 Kc7 33. Rc3 Rb4 34. Rd3 Nc5 35. Rc3 Nxa4 36. bxa4 Rxb1 37. Nxb1 Rxb1 38. Ke2 Kb6 39. Bb3 Kc5 40. Kd2 Rf1 41. h4 0-1

[Event "Main Vogelsberg op 5th"]
[Site "Hanau"]
[Date "2010.05.02"]
[Round "7"]
[White "Leimeister, Erhard"]
[Black "Will, Patrick"]
[Result "1-0"]
[WhiteElo "2235"]
[BlackElo "1886"]
[PlyCount "41"]
[EventDate "2010.04.28"]
[EventType "swiss"]
[EventRounds "7"]
[EventCountry "GER"]
[SourceTitle "CBM 136 Extra"]
[Source "ChessBase"]
[SourceDate "2010.07.02"]
[SourceVersion "2"]
[SourceVersionDate "2010.07.15"]
[SourceQuality "1"]

1. c4 Nf6 2. Nc3 g6 3. e4 d6 4. d4 Bg7 5. f3 a6 6. Be3 Nc6 7. Qd2 0-0 8. Nge2 Re8 9. h4 h5 10. 0-0-0 Rb8 11. Bh6 b5 12. g4 bxc4 13. Nd5 Nxd5 14. exd5 Nb4 15. Nc3 hxg4 16. h5 Bf5 17. hxg6 Bxg6 18. fxg4 Be4 19. Nxe4 Nxa2+ 20. Kb1 c3 21. Nxc3 1-0

[Event "Main Vogelsberg op 5th"]
[Site "Hanau"]
[Date "2010.05.01"]
[Round "4"]
[White "Leimeister, Erhard"]
[Black "Kroder, Johannes"]
[Result "1-0"]
[WhiteElo "2235"]
[BlackElo "2109"]
[PlyCount "77"]
[EventDate "2010.04.28"]
[EventType "swiss"]
[EventRounds "7"]
[EventCountry "GER"]
[SourceTitle "CBM 136 Extra"]
[Source "ChessBase"]
[SourceDate "2010.07.02"]
[SourceVersion "2"]
[SourceVersionDate "2010.07.15"]
[SourceQuality "1"]

1. Nf3 Nf6 2. c4 g6 3. Nc3 Bg7 4. g3 0-0 5. Bg2 d6 6. 0-0 e5 7. d3 Nc6 8. Rb1 a5 9. a3 Nh5 10. b4 axb4 11. axb4 f5 12. b5 Ne7 13. Qb3 h6 14. Bb2 Be6 15. Nd2 c6 16. Ra1 Qd7 17. Ra3 f4 18. Rfa1 Rxa3 19. Qxa3 fxg3 20. hxg3 Bh3 21. Bf3 Bg4 22. bxc6 bxc6 23. Nce4 Bxf3 24. Nxf3 d5 25. cxd5 cxd5 26. Ned2 Nc6 27. Rc1 Rb8 28. Ba1 d4 29. Qa6 Rc8 30. Bb2 Kf7 31. Ba3 Ne7 32. Nc4 Qe6 33. Nd6+ Kf6 34. Rxc8 Nxc8 35. Qxc8 Qxc8 36. Nxc8 Ke6 37. Kg2 Nf6 38. Nd2 Kd7 39. Ne7 1-0

[Event "Main Vogelsberg op 5th"]
[Site "Hanau"]
[Date "2010.04.28"]
[Round "1"]
[White "Bokemaer, David"]
[Black "Leimeister, Erhard"]
[Result "0-1"]
[WhiteElo "1724"]
[BlackElo "2235"]
[PlyCount "72"]
[EventDate "2010.04.28"]
[EventType "swiss"]
[EventRounds "7"]
[EventCountry "GER"]
[SourceTitle "CBM 136 Extra"]
[Source "ChessBase"]
[SourceDate "2010.07.02"]
[SourceVersion "2"]
[SourceVersionDate "2010.07.15"]
[SourceQuality "1"]

1. c4 c5 2. Nc3 g6 3. g3 Bg7 4. Bg2 Nc6 5. d3 e6 6. Bd2 Nge7 7. Nf3 0-0 8. 0-0 d5 9. Rb1 b6 10. a3 Bb7 11. b4 cxb4 12. axb4 dxc4 13. dxc4 Rc8 14. Qb3 Nf5 15. Bg5 Qc7 16. Nb5 Qb8 17. Bf4 e5 18. Bg5 h6 19. Bd2 e4 20. Bf4 Qa8 21. Nd2 Ncd4 22. Nxd4 Nxd4 23. Qe3 g5 24. Bd6 Nf5 25. Qb3 Nxd6 26. c5 bxc5 27. bxc5 Rxc5 28. Qb4 Rfc8 29. Nb3 R5c6 30. Rfd1 Rb6 31. Qa3 Nb5 32. Qa5 Nc3 33. Bh3 Rb5 34. Bxc8 Rxa5 35. Bxb7 Qxb7 36. Nxa5 Qc7 0-1

[Event "Karl Mala Memorial op 11th"]
[Site "Frankfurt"]
[Date "2008.06.29"]
[Round "6"]
[White "Leimeister, Erhard"]
[Black "Guenther, Peter"]
[Result "0-1"]
[WhiteElo "2165"]
[BlackElo "2271"]
[PlyCount "58"]
[EventDate "2008.06.26"]
[EventType "swiss"]
[EventRounds "7"]
[EventCountry "GER"]
[SourceTitle "CBM 125 Extra"]
[Source "ChessBase"]
[SourceDate "2008.09.01"]
[SourceVersion "1"]
[SourceVersionDate "2008.09.01"]
[SourceQuality "1"]

1. c4 g6 2. Nc3 Bg7 3. e4 d6 4. d4 Nf6 5. f3 0-0 6. Be3 Nbd7 7. Nh3 e5 8. d5 Nh5 9. Qd2 f5 10. 0-0-0 Ndf6 11. exf5 gxf5 12. g3 a6 13. Bg5 Qe8 14. Nf2 b5 15. cxb5 axb5 16. Bxb5 Bd7 17. Bxd7 Nxd7 18. Bh6 Qg6 19. Bxg7 Kxg7 20. Rhg1 Kh8 21. Rde1 Nc5 22. f4 Rfe8 23. fxe5 Rxa2 24. Kb1 f4+ 25. Nfe4 Ra1+ 26. Kc2 Rxe1 27. Rxe1 Rxe5 28. gxf4 Nxe4 29. Qd4 Nef6+ 0-1

[Event "Karl Mala Memorial op 11th"]
[Site "Frankfurt"]
[Date "2008.06.28"]
[Round "4"]
[White "Leimeister, Erhard"]
[Black "Schmitt, Roland"]
[Result "1-0"]
[WhiteElo "2165"]
[BlackElo "1910"]
[PlyCount "57"]
[EventDate "2008.06.26"]
[EventType "swiss"]
[EventRounds "7"]
[EventCountry "GER"]
[SourceTitle "CBM 125 Extra"]
[Source "ChessBase"]
[SourceDate "2008.09.01"]
[SourceVersion "1"]
[SourceVersionDate "2008.09.01"]
[SourceQuality "1"]

1. Nf3 Nf6 2. c4 g6 3. g3 Bg7 4. Bg2 0-0 5. 0-0 c5 6. Nc3 Nc6 7. d4 d6 8. dxc5 dxc5 9. Bf4 Be6 10. Ne5 Nxe5 11. Bxe5 Qb6 12. Qb3 Nd7 13. Bxg7 Kxg7 14. Rfd1 Ne5 15. Nd5 Bxd5 16. Rxd5 Nc6 17. Rd7 Rab8 18. Bxc6 bxc6 19. Qc3+ Kg8 20. b3 Rb7 21. Rad1 Rxd7 22. Rxd7 Re8 23. h4 a6 24. Kg2 h5 25. f3 e5 26. Qd2 Re6 27. Qg5 Kg7 28. Qd8 Qb4 29. Qc7 1-0

[Event "Griesheim op"]
[Site "Griesheim"]
[Date "2007.05.13"]
[Round "5"]
[White "Gutacker, Stephan"]
[Black "Leimeister, Erhard"]
[Result "0-1"]
[WhiteElo "1980"]
[BlackElo "2165"]
[PlyCount "30"]
[EventDate "2007.05.11"]
[EventType "swiss"]
[EventRounds "5"]
[EventCountry "GER"]
[SourceTitle "EXT 2011"]
[Source "ChessBase"]
[SourceDate "2010.11.26"]
[SourceVersion "1"]
[SourceVersionDate "2010.11.26"]
[SourceQuality "1"]

1. e4 Nf6 2. e5 Nd5 3. c4 Nb6 4. d4 d6 5. f4 dxe5 6. fxe5 Bf5 7. Nf3 e6 8. Bd3 Bg4 9. Be2 c5 10. Be3 Nc6 11. 0-0 cxd4 12. Nxd4 Bxe2 13. Nxe2 Qxd1 14. Rxd1 Nxc4 15. Bf2 Nxb2 0-1

[Event "Karl Mala Memorial op 07th"]
[Site "Griesheim"]
[Date "2003.07.25"]
[Round "2"]
[White "Leimeister, Erhard"]
[Black "Tonndorf, Matthias"]
[Result "1-0"]
[WhiteElo "2200"]
[BlackElo "2111"]
[PlyCount "105"]
[EventDate "2003.07.24"]
[EventType "swiss"]
[EventRounds "7"]
[EventCountry "GER"]
[SourceTitle "EXT 2004"]
[Source "ChessBase"]
[SourceDate "2003.11.25"]
[SourceVersion "1"]
[SourceVersionDate "2003.11.25"]
[SourceQuality "1"]

1. d4 f5 2. g3 Nf6 3. Bg2 g6 4. c3 Bg7 5. Qb3 c6 6. Nd2 d5 7. Nh3 0-0 8. Nf4 a5 9. a4 Na6 10. h4 Ng4 11. Nf3 e6 12. Nd3 h6 13. Bf4 Kh7 14. Nfe5 c5 15. Nxg4 c4 16. Qd1 cxd3 17. Ne5 dxe2 18. Qxe2 Nc7 19. Nd3 Ne8 20. Be5 Nf6 21. Nf4 Bd7 22. 0-0 Rc8 23. Rfe1 Qb6 24. Nd3 Rc6 25. Nc5 Bc8 26. Bf1 Qd8 27. f3 b6 28. Nd3 Bd7 29. Qd2 Qe7 30. Nf4 Rcc8 31. Bd3 Rg8 32. Re2 Qf7 33. Bc2 Nh5 34. Kg2 Bf6 35. Bxf6 Qxf6 36. Rae1 Ng7 37. Nd3 Rcf8 38. Qf4 Bc8 39. Qd6 Qd8 40. Qxd8 Rxd8 41. Ne5 Ne8 42. Nc6 Rd6 43. Ne7 Ba6 44. Rxe6 Rxe6 45. Rxe6 Rg7 46. Nxd5 Bc4 47. Rxe8 Bxd5 48. Re5 Bg8 49. h5 Rf7 50. hxg6+ Kxg6 51. g4 Kg5 52. Kg3 h5 53. f4+ 1-0

[Event "MTS-ch"]
[Site "Goldstein"]
[Date "2002.11.17"]
[Round "2"]
[White "Leimeister, Erhard"]
[Black "Zweschper, Erich"]
[Result "1-0"]
[WhiteElo "2213"]
[BlackElo "2127"]
[PlyCount "85"]
[EventDate "2002.11.??"]
[EventType "swiss"]
[EventRounds "7"]
[EventCountry "GER"]
[SourceTitle "EXT 2005"]
[Source "ChessBase"]
[SourceDate "2004.11.15"]
[SourceVersion "1"]
[SourceVersionDate "2004.11.15"]
[SourceQuality "1"]

1. c4 Nf6 2. Nc3 g6 3. d4 Bg7 4. e4 d6 5. f3 Nbd7 6. Be3 c5 7. d5 Nh5 8. Nh3 Bxc3+ 9. bxc3 Qa5 10. Qb3 0-0 11. Be2 Ng7 12. 0-0 f5 13. exf5 Nxf5 14. Bg5 Nf6 15. Rfe1 Ng7 16. Nf2 Qc7 17. Bf1 e5 18. dxe6 Nxe6 19. Bh4 g5 20. Bg3 Nh5 21. Rad1 Nxg3 22. hxg3 Ng7 23. g4 Be6 24. Ne4 h6 25. Rxd6 Rad8 26. Red1 b6 27. Qc2 Rxd6 28. Rxd6 Qf7 29. Qd3 Ne8 30. Rd8 Nf6 31. Nxf6+ Qxf6 32. Rd6 Qf7 33. Qe4 Re8 34. Bd3 Kf8 35. Kf2 Kg8 36. Qc6 Rc8 37. Qe4 Re8 38. Qe5 Kf8 39. Qh8+ Ke7 40. Qe5 Kf8 41. Rc6 Kg8 42. Rc7 Bxg4 43. Bh7+ 1-0

[Event "Fechenheim CC-ch 0203 4th"]
[Site "Frankfurt Fechenheim"]
[Date "2002.10.04"]
[Round "1"]
[White "Leimeister, Erhard"]
[Black "Kiesling, Hans"]
[Result "1-0"]
[WhiteElo "2112"]
[BlackElo "1505"]
[PlyCount "37"]
[EventDate "2002.10.04"]
[EventType "swiss"]
[EventRounds "7"]
[EventCountry "GER"]
[SourceTitle "EXT 2010"]
[Source "ChessBase"]
[SourceDate "2010.11.25"]
[SourceVersion "1"]
[SourceVersionDate "2010.11.25"]
[SourceQuality "1"]

1. e4 c5 2. Nf3 Nc6 3. d4 cxd4 4. Nxd4 d6 5. c4 Bd7 6. Be2 Nf6 7. Nc3 e5 8. Ndb5 Qb8 9. Nd5 Nxd5 10. cxd5 Ne7 11. Qc2 Bxb5 12. Bxb5+ Kd8 13. Be3 Qc8 14. Qd2 Qg4 15. Qa5+ b6 16. Bxb6+ Kc8 17. Rc1+ Kb8 18. Bc7+ Kb7 19. Qa6# 1-0

[Event "Karl Mala Memorial op 06th"]
[Site "Griesheim"]
[Date "2002.08.04"]
[Round "6"]
[White "Kraft, Matthias"]
[Black "Leimeister, Erhard"]
[Result "0-1"]
[WhiteElo "2138"]
[BlackElo "2213"]
[PlyCount "40"]
[EventDate "2002.08.??"]
[EventType "swiss"]
[EventRounds "7"]
[EventCountry "GER"]
[SourceTitle "EXT 2003"]
[Source "ChessBase"]
[SourceDate "2002.11.25"]
[SourceVersion "1"]
[SourceVersionDate "2002.11.25"]
[SourceQuality "1"]

1. e4 Nf6 2. d3 e5 3. f4 Nc6 4. Nf3 d5 5. fxe5 dxe4 6. exf6 exf3 7. Qxf3 Nd4 8. Qe4+ Be6 9. fxg7 Bxg7 10. Na3 0-0 11. Be3 Nf5 12. Bc5 Bxb2 13. Rb1 Re8 14. Be2 Bc3+ 15. Kd1 Qg5 16. Qg4 Qxg4 17. Bxg4 Ne3+ 18. Kc1 Bxg4 19. Rb3 Bg7 20. Nb5 Nd5 0-1